ARRUPE JESUIT UNIVERSITY

CORONAVIRUS -STOP THE SPREAD - CLEAN,DISINFECT,COVER

Saint Teresa of Avila / (Record no. 120918)

MARC details
000 -LEADER
fixed length control field 01230cam a2200361 a 4500
001 - CONTROL NUMBER
control field 4470284
003 - CONTROL NUMBER IDENTIFIER
control field ARRUPE
005 - DATE AND TIME OF LATEST TRANSACTION
control field 20140924130950.0
008 - FIXED-LENGTH DATA ELEMENTS--GENERAL INFORMATION
fixed length control field 891214r19881953mauaf b 001 0beng
010 ## - LIBRARY OF CONGRESS CONTROL NUMBER
LC control number 88018591
020 ## - INTERNATIONAL STANDARD BOOK NUMBER
International Standard Book Number 0932506674
035 ## - SYSTEM CONTROL NUMBER
System control number (OCoLC)18292197
035 ## - SYSTEM CONTROL NUMBER
System control number (OCoLC)ocm18292197
035 ## - SYSTEM CONTROL NUMBER
System control number (NNC)4470284
040 ## - CATALOGING SOURCE
Transcribing agency ddfgdff
041 1# - LANGUAGE CODE
Language code of text/sound track or separate title eng
Language code of original and/or intermediate translations of text fre
043 ## - GEOGRAPHIC AREA CODE
Geographic area code e-sp---
050 0# - LIBRARY OF CONGRESS CALL NUMBER
Classification number BX4700.T4
Item number A813 1988
090 ## - LOCALLY ASSIGNED LC-TYPE CALL NUMBER (OCLC); LOCAL CALL NUMBER (OCLC)
Classification number (OCLC) (R) ; Classification number, CALL (RLIN) (NR) BX4700.T4
Local cutter number (OCLC) ; Book number/undivided call number, CALL (RLIN) A813 1988
300 ## - PHYSICAL DESCRIPTION
Other physical details ill. ;
Dimensions 22 cm.
100 1# - MAIN ENTRY--PERSONAL NAME
Personal name Auclair, Marcelle,
Dates associated with a name 1899-1983.
9 (RLIN) 11524
245 10 - TITLE STATEMENT
Title Saint Teresa of Avila /
Statement of responsibility, etc Marcelle Auclair ; translated by Kathleen Pond ; with a preface by André Maurois.
260 ## - PUBLICATION, DISTRIBUTION, ETC. (IMPRINT)
Place of publication, distribution, etc Petersham, Mass. :
Name of publisher, distributor, etc St. Bede's Publications,
Date of publication, distribution, etc c1988.
300 ## - PHYSICAL DESCRIPTION
Extent xv, 457 p., [12] p. of plates :
500 ## - GENERAL NOTE
General note Translation of: La vie de sainte Thérèse d'Avila.
500 ## - GENERAL NOTE
General note Reprint. Originally published: New York : Pantheon, 1953.
500 ## - GENERAL NOTE
General note Includes index.
504 ## - BIBLIOGRAPHY, ETC. NOTE
Bibliography, etc Bibliography: p. [447]-450.
600 00 - SUBJECT ADDED ENTRY--PERSONAL NAME
Personal name Teresa,
Titles and other words associated with a name of Avila, Saint,
Dates associated with a name 1515-1582.
9 (RLIN) 11525
650 #0 - SUBJECT ADDED ENTRY--TOPICAL TERM
Topical term or geographic name as entry element Christian saints
Geographic subdivision Spain
-- Avila
Form subdivision Biography.
9 (RLIN) 11526
651 #0 - SUBJECT ADDED ENTRY--GEOGRAPHIC NAME
Geographic name Avila (Spain)
Form subdivision Biography.
9 (RLIN) 11527
942 ## - ADDED ENTRY ELEMENTS (KOHA)
Source of classification or shelving scheme Library of Congress Classification
Koha item type Monograph ( Printed materials)
Holdings
Withdrawn status Lost status Source of classification or shelving scheme Damaged status Not for loan Collection code Home library Current library Shelving location Date acquired Total Checkouts Full call number Barcode Date last seen Price effective from Koha item type
    Library of Congress Classification     Main Collection ARRUPE LIBRARY ARRUPE LIBRARY Main Collection 24/09/2014   BV5080.T44 A81 1953 46500000385 24/01/2017 24/09/2014 Monograph ( Printed materials)

 

Arrupe Library. PO Box MP320 Mt Pleasant, Harare, Zimbabwe
263 242 745411|librarian@aju.ac.zw